000 00520nam a22001931 4500
003 OSt
005 20160111161312.0
008 970922s1968 slv spa
040 _aSpMaBN
_bspa
_cBMC
082 _a863
100 1 _aSanjuán, José María‏
_937329
245 1 0 _aRéquiem por todos nosotros
_cJosé María Sanjuán
250 _a1ª ed
260 _aBarcelona
_bDestino
_c1968
300 _a322 p.
_c19 cm
490 _aÁncora y delfín
_v310
650 2 4 _929289
_aNovela española
942 _2ddc
_cBK
999 _c24255
_d24255